000
00267nam a2200085Ia 4500
245
0
_a
Micro-economics : a Southern African perspective
100
_a
Mostert, J W Lansdowne, South Africa, 2002
_9
115671
942
_c
BK
008
210825s9999 xx 000 0 und d
999
_c
569562
_d
569561